=LDR 00000nam 2200000 4500 =001 INLIS000000000039893 =005 20130612145507 =008 ***********************************Ind** =035 ##$$a0010-061300000039893 =041 ##$$a Ind =082 ##$$a 813 =090 ##$$a 813, Zen s.1 =100 ##$$a Zeng,Astrid =245 ##$$a Suami Sempurna Untuk Tatiana, Astrid Zeng =260 ##$$a 2011 $b Jakarta =300 ##$$a 344 hlm, 18 cm =850 ##$$a NBPNMAT =990 ##$$a 91733/BPAP-NTB/2014 =990 ##$$a 94005/BPAP-NTB/2014 =990 ##$$a 21400613/BPAP-NTB/20142014